Quizzes
Events
Quiz Creation
Community
Videos
Private Events
Remove Ads
Sign In
Join for FREE
Feedback
Dark Mode
Quiz Categories
Sports
Geography
Music
Movies
Television
Just For Fun
Miscellaneous
History
Literature
Language
Science
Gaming
Entertainment
Religion
Holiday
For Kids
Quiz Lab
Recent
Popular Today
Quiz Kudos Today
Editor Picks
Curator Picks
Quizzes by...
Day
Popularity
Type
Ratings
Length
Year
Community
Subscriptions
Recent Discussions
Orange Saloon
Badges
Playlists
Quests
Create
Leaderboards
Showdown
Live 5
Trivia Bingo
Activity
Puzzle Library
Sporcle Events
Private Events
Virtual Trivia
Globe League
Become a Host
Pub Owners
SporcleCon
Opinionation
Our Games
Videos
Blog
Mobile Apps
Partnerships
Remove Ads and Go Orange
Feedback
Entertainment
Celebrity
Famous
Musical
Broadway
Show
Quote
Comic Books
Anime
Superhero
DC Comics
Marvel
Cartoons
Animation
Entertainment
Celebrity
Famous
Musical
Broadway
Show
Quote
Comic Books
Anime
Superhero
DC Comics
Marvel
Cartoons
Animation
Random Quiz
Search Sporcle
×
Quiz Lab
Quiz Lab
Entertainment
Song
Type in answers that appear in a list
Type in answers that appear in a list
Classic
Best Score? Go Orange.
Finish that Hamilton Lyric Stats
Can you name the lyrics to Hamilton song?
By
soon2be101
10m
46 Questions
563 Plays
563 Plays
563 Plays
Comments
Comments
Give Quiz Kudos
Give Quiz Kudos
-
- Ratings
hide this ad
Replay
Link that replays current quiz
Next Quiz
Link to next quiz in quiz playlist
You Got
0%
They Got
Avg Score
35%
Avg Friend Score
Upgrade to see
Score Distribution
Jump to the score distribution portion of the page
Score
0/46
Timer
10:00
0
Plays Today
Hint
Answer
% Correct
So how'd you do it? How'd you graduate so fast?
It was my parents' dying wish before they passed
89%
When he was ten his father split...
full of it, debt ridden
87.9%
Daddy said to be home by sundown
Daddy doesn't need to know
82.6%
Raise a glass to the four of us!
Tomorrow there'll be more of us
70.7%
But what do we have in common?
We're reliable with the ladies!
62.3%
I pray the king shows you his mercy
For shame, for shame
60.9%
You say our love is draining and you can't go on
You'll be the one complaining when I am gone
59.1%
Laughing at my sister cause she wants to form a harem
Im just saying if you really loved me you would share him.
50.4%
It must be nice, it must be nice
To have Washington on your side
49.7%
How to account for his rise to the top?
Man, the man is non-stop
49%
The problem is I got a lot of brains but no polish
I gotta holler just to be heard with every word I drop knowledge
48%
Raise a glass to freedom
Something you will never see again
46.9%
Hamilton doesn't hesitate, he exhibits no restrain
He takes and he takes and he takes
46.7%
This is commonplace, specially between recruits
Most disputes die and no one shoots
46.4%
You're on your own
Awesome, wow
42.6%
Welcome, folks
To the Adams Administration
41.6%
You wanna fight for your land back?
I need my right hand man back.
39.3%
Call me son one more time!
Go home Alexander, that's an order from your commander
38.5%
Washington can't be left alone to his devices
Indecisive from crisis to crisis
38%
Ill do whatever it takes
I'll make a million mistakes
37.8%
'President John Adams'
Good Luck
36.8%
If I tell her that I love him she'd be silently resigned, he'd be mine!
She would say I'm fine, she'd be lying!
36.6%
I know you are a man of honor
I'm so sorry to bother you at home
36.4%
Hint
Answer
% Correct
In command where you belong?
How you say no sweat
32.7%
Mr. Jefferson welcome home!
Mr Jefferson? Alexander Hamilton
32%
Across the river, in Jersey
Everything is legal in New Jersey
31.1%
In the eye of a hurricane there is quiet
For just a moment, a yellow sky
29.5%
You don't have the votes!
You dont have the votes
28.4%
Well, someone oughta remind you. What?
You're nothing without Washington behind you
28.2%
I dont pretend to know the challenges you're facing
The worlds you keep erasing and creating in your mind
28.1%
No one knows who you are or what you do
They dont need to know me they dont like you
26.6%
I made every mistake and felt the shame rise in me
And even now I lie awake knowing history has its eyes on me
25%
Is he breathing? Is he going to survive this?
Who did this? Alexander did you know?
24.2%
You forfeit all rights to my heart
You forfeit the place in our bed
21%
No one else was in the room where it happened
Is that a yes?
18.7%
Well, I'm going back to sleep
Hey. Best of wives and best of women
17.1%
What do you want, Burr? What do you want?
I wanna be in the room where it happens
14.9%
Eliza!
My love take your time. Ill see you on the other side
14.9%
Then stand, Alexander
Weehawken, dawn, guns drawn
12.6%
Dear Mr Hamilton,
Your fellow federalists would like to know how you'll be voting
11.5%
One last time, relax have a drink with me
One last time, lets take a break tonight
8.9%
If you take your time, you will make your mark
Close your eyes and dream when the night gets dark
7.3%
There's a grace to powerful to name
We push away what we can never understand
7.3%
Can I be real a second? For just a millisecond?
Lay down my guard and tell the people how I feel a second
6.6%
I put myself back in the narrative
I stop wasting time on tears, I live another 50 years
3.4%
Put what we had aside, Im standing by her side
You could never be satisfied. God, I hope your satisfied
2.8%
Quiz Playlist
Details
Report
Send in Message
Add To Playlist
Classic:
Type in answers that appear in a list
Last Updated: Sep 13, 2017
Quiz Scoreboard
CHALLENGE
Sign Up to Join the Scoreboard
Show All
Scores
Hide
Comments
May contain spoilers
Recently Published
An Introduction to Baseball
by treessimontrees
Sports
5m
Movies - When Are They Set?
by FPL_Elf
Movies
5m
Popular People in 1961
by mucciniale
History
6m
More to Explore
Quiz From the Vault
Featured Blog Post
Where Did the Easter Bunny Come From?
hide this ad
You Might Also Like...
Tags
Song Quiz
finish
Hamilton
Today's Top Quizzes in Entertainment
Browse Entertainment
hide this ad
Today's Top Quizzes in Song
Browse Song
Top Contributed Quizzes in Entertainment
1
Kamen Rider Motifs
2
7-to-1: DC Comics Villains
3
Dragon Ball Z: Goku's Fights in Order
4
Dragon Ball Z: Mega Character Search
5
Marvel Characters Bunker
6
Criteria Quickie: Cartoon Taxonomy II
7
Fictional Villains Letter U Blitz
8
Sorting Pictures: Villains
9
One Thing in Common: Fictional Characters
10
Eurovision 2023 Logic Puzzle
Explore More
Trending Topics
Anime
Marvel
Disney
Kpop
Harry Potter
NBA
Crossword
Soccer
Pokémon
Puzzle
NFL
WWE
Country
The Office
Song
hide this ad
More By:
soon2be101
Quiz
Plays
Rating
Category
Featured
Created
Finish that Hamilton Lyric
563
3.00
Entertainment
Jan 17, 2017
Go to Creator's Profile
Score Distribution
Quiz Creator Spotlight
soon2be101
Follow
Send a Message
Quizzes Created
-
Created Quiz Play Count
-
More By This Creator
Popular Quizzes Today
1
Find the Countries of Europe - No Outlines Minefield
2
Find the US States - No Outlines Minefield
3
The Countries of the World
4
Popular People in 1961
5
US States
6
Find the US States
7
1-10 Letter E Words III
8
Risky Map Clicking: Biggest States A-Z
More Entertainment Quizzes
Three Actors, One Role
Published
Trending Quizzes
Risky Map Clicking: Least Populous States A-Z
1-10 Letter F Words
1-10 Letter G Words
One Thing in Common: United Kingdom
Not Quite an Element Typing Challenge
Recently Updated
Leaping Animals
pecheneg
Reality TV Shows (A-Z)
bhenderson79
Rickey Henderson's Hall of Fame Teammates
pecheneg
Champions League XIs: Arsenal
pecheneg
Quick Pick: Celebrities in WWE's Hall of Fame
aduchscher
A-Z Keypad Blitz II
pecheneg
Multiple Oscar Actors
pecheneg
Mystery Phrase Blitz: Oscar 'Best Actors'
pecheneg
F. Scott Fitzgerald Novels
LTH
Pick 3 Villains
ddd62291
Trending Topics
Harry Potter
Marvel
Disney
Anime
Kpop
Crossword
NBA
WWE
Country
Pokémon
Soccer
The Office
Puzzle
NFL
Song
Your Account Isn't Verified!
In order to create a playlist on Sporcle, you need to verify the email address you used during registration. Go to your
Sporcle Settings
to finish the process.
Report this User
Report this user for behavior that violates our
Community Guidelines
.
Details:
Send Report
Go to the Sporcle.com Mobile Site →
Comments